Mexican Presidents - Statistics

General Stats
  • This quiz has been taken 113 times
  • The average score is 6 of 13
Answer Stats
Hint Answer % Correct
2000-2006 Vicente Fox
87%
2012-2018 Enrique Peña Nieto
81%
2018- Andrés Manuel López Obrador
69%
2006-2012 Felipe Calderon
60%
1920-1928 Adolfo López
56%
1994-2000 Ernesto Zedillo
47%
1982-1988 Miguel de la Madrid
42%
1917-1920 Venustiano Carranza
34%
1976-1982 José López Portillo
32%
1928-1964 Lazaro Cardenas
31%
1964-1970 Gustavo Díaz Ordaz
30%
1970-1976 Luis Echeverría
29%
1988-1994 Carlos Salinas de Gortari
27%
No matching quizzes found
Score Distribution
Percent of People with Each Score
Percentile by Number Answered
Your Score History
You have not taken this quiz